| 000 | 00801nam a2200229 i 4500 | ||
|---|---|---|---|
| 001 | 22659 | ||
| 003 | ES-MaACL | ||
| 005 | 20250811051205.0 | ||
| 008 | 021204s1981 sp |||| | spa d | ||
| 020 | _a84-245-0314-7 | ||
| 245 | 0 | 3 |
_aLa alternativa radical _b: (textos radicales italianos y españoles) / _cMarco Pannella ... [et al.] ; edición de Santiago Castillo y Manuel Pérez Ledesma. |
| 260 |
_aMadrid : _bFundamentos, _c[1981] |
||
| 300 |
_a375 p. ; _c20 cm. |
||
| 490 | 1 |
_aCiencia. Política ; _v122 |
|
| 650 | 0 | 4 |
_aRadicalismo. _916661 |
| 700 | 1 |
_aPannella, Marco. _988804 |
|
| 700 | 1 |
_aCastillo, Santiago. _936722 |
|
| 700 | 1 |
_aPérez Ledesma, Manuel, _d1944-2018 _990962 |
|
| 830 | 0 |
_aCiencia. Política ; _v122 _9183323 |
|
| 852 |
_aES-MaACL _jL-9892 |
||
| 999 |
_c22659 _d22659 |
||